000170385 001__ 170385
000170385 005__ 20260420103354.0
000170385 0247_ $$2doi$$a10.26754/ojs_zarch/zarch.20252512455
000170385 0248_ $$2sideral$$a148884
000170385 037__ $$aART-2026-148884
000170385 041__ $$amul
000170385 100__ $$aAguirre-Such, Jon
000170385 245__ $$aDe Sitopia al Urbanismo regenerativo: Diseñar ciudades desde la comida. Una conversación con Carolyn Steel
000170385 260__ $$c2026
000170385 5060_ $$aAccess copy available to the general public$$fUnrestricted
000170385 5203_ $$aEsta conversación con Carolyn Steel explora cómo el pensamiento sitópico y la economía de la alimentación pueden operar como marcos estructurantes para un urbanismo regenerativo. A partir de la comida como hecho material, cultural y político, la entrevista aborda cuestiones clave como la redefinición contemporánea de la “buena vida”, la reconexión entre ciudad y territorio, la escala adecuada de los sistemas alimentarios, el papel de las iniciativas locales como infraestructuras de transición y la necesidad de reorientar la planificación urbana hacia modelos más relacionales, territoriales y ecológicamente integrados. Lejos de soluciones tecnocráticas, Steel defiende una visión regenerativa basada en el valor social del alimento, la proximidad entre naturaleza y sociedad y la capacidad de las ciudades y regiones para imaginar futuros post-crecimiento deseables.
000170385 540__ $$9info:eu-repo/semantics/openAccess$$aby-nc-nd$$uhttps://creativecommons.org/licenses/by-nc-nd/4.0/deed.es
000170385 655_4 $$ainfo:eu-repo/semantics/article$$vinfo:eu-repo/semantics/publishedVersion
000170385 700__ $$0(orcid)0000-0003-4098-6380$$aCal Nicolás, Pablo Alberto de la$$uUniversidad de Zaragoza
000170385 7102_ $$15015$$2815$$aUniversidad de Zaragoza$$bDpto. Arquitectura$$cÁrea Urbanística y Ord.Territ.
000170385 773__ $$g25 (2026), 196-215$$pZARCH$$tZARCH$$x2341-0531
000170385 8564_ $$s299488$$uhttps://zaguan.unizar.es/record/170385/files/texto_completo.pdf$$yVersión publicada
000170385 8564_ $$s2755098$$uhttps://zaguan.unizar.es/record/170385/files/texto_completo.jpg?subformat=icon$$xicon$$yVersión publicada
000170385 909CO $$ooai:zaguan.unizar.es:170385$$particulos$$pdriver
000170385 951__ $$a2026-04-18-10:48:31
000170385 980__ $$aARTICLE